00954nam a2200277 a 4500003000900000005001700009008004100026020001800067040001300085100001800098245015100116260004800267300002400315504003100339650001600370650003200386650002900418650002700447653002200474653002300496700001900519942000700538998001000545999001500555952010600570AR-BaBNM20251128204707.0082120s2002 ||||||||||||||000 | spa|| a950-43-5174-3 cAR-BaBNM1 aArosa, Mirtha00aInformáticabescuela y actualidad : una propuesta de diseño curricular incorporando la computadora como recurso en el nivel inicial y primario aSanta FebComputación y Educaciónc1993 a120 p.bdiagr., il. aBibliografía: p. 117-118 4aINFORMATICA 4aENSEÑANZA POR COMPUTADORA 4aLENGUAJES DE COMPUTACION 4aPROGRAMAS INFORMATICOS aEDUCACION INICIAL aEDUCACION PRIMARIA1 aRocca, Araceli cBK csilvi c8456d8456 00102ddc405171aLPLbLPLd2025-11-28l0o372.868 AROp093851r2025-11-28 20:47:07w2025-11-28yBK